| 000 | 00848nam a2200253Ia 4500 | ||
|---|---|---|---|
| 003 | OSt | ||
| 005 | 20221005113205.0 | ||
| 006 | a|||||r|||| 00| 0 | ||
| 007 | ta | ||
| 008 | 221004b |||||||| |||| 00| 0 pan d | ||
| 020 | _c450 | ||
| 024 | _a26562 | ||
| 037 |
_b993, 17/12/2015, H.K. Prakashan _cTextual |
||
| 040 |
_aCRL _cCRL _bpan |
||
| 041 |
_2pan _apan |
||
| 082 | _aY:1.243, 153Q2 | ||
| 100 |
_aਰੰਧਾਵਾ, ਮਹਿੰਦਰ ਸਿੰਘ, ਥਦ. _9157566 |
||
| 245 | 0 | _aਪੰਜਾਬ | |
| 260 |
_aਪੰਜਾਬ _bਭਾFਾ ਵਿਭਾਗ ਭਾਰਤ _c2012 |
||
| 300 |
_a720ਪੰ _ccm. |
||
| 650 | _aਸਮਾਜ Fਾਸਤਰ | ||
| 942 |
_hY:1.243, 153Q2 _cTEXL _2cc |
||
| 999 |
_c1027344 _d1027344 |
||